| 000 | 00840nam a2200253Ia 4500 | ||
|---|---|---|---|
| 003 | OSt | ||
| 005 | 20221005111723.0 | ||
| 006 | a|||||r|||| 00| 0 | ||
| 007 | ta | ||
| 008 | 221004b |||||||| |||| 00| 0 san d | ||
| 024 | _a32899 | ||
| 037 | _cTextual | ||
| 040 |
_aCRL _cCRL _bsan |
||
| 041 |
_2san _asan |
||
| 082 | _aO15,:gx1,1, 152L1 | ||
| 100 | _aशर्मा, शिवशरण | ||
| 245 | 0 | _aआचार्य भरत | |
| 246 | _aĀchārya bharata | ||
| 260 |
_aभोपाल _bमध्यप्रदेश हिन्दी ग्रन्थ अकादमी भारत _c1971 |
||
| 300 |
_a196पृ. _ccm. |
||
| 650 | _aसंस्कृत साहित्य | ||
| 942 |
_hO15,:gx1,1, 152L1 _cTEXL _2cc |
||
| 999 |
_c1022694 _d1022694 |
||